Introduction to petroleum reservoir analysis / (Record no. 11170)

MARC details
000 -LEADER
fixed length control field 00651nam a22001937a 4500
008 - FIXED-LENGTH DATA ELEMENTS--GENERAL INFORMATION
fixed length control field 251201b ||||| |||| 00| 0 eng d
020 ## - INTERNATIONAL STANDARD BOOK NUMBER
International Standard Book Number 0-87201-591-2
040 ## - CATALOGING SOURCE
Original cataloging agency AR-FvUNAJ
Modifying agency AR-FvUNAJ
Description conventions aacr2
082 14 - DEWEY DECIMAL CLASSIFICATION NUMBER
Edition number 14
Classification number 622.3382
100 1# - MAIN ENTRY--PERSONAL NAME
9 (RLIN) 22055
Personal name Koederitz, Leonard.
245 10 - TITLE STATEMENT
Title Introduction to petroleum reservoir analysis /
Statement of responsibility, etc L.F. Koederitz, A.H. Harvey, M. Honarpour.
260 ## - PUBLICATION, DISTRIBUTION, ETC. (IMPRINT)
Place of publication, distribution, etc Houston, Tex. :
Name of publisher, distributor, etc Gulf Pub. Co.,
Date of publication, distribution, etc 1989.
300 ## - PHYSICAL DESCRIPTION
Extent vi, 250 p.
Other physical details ill.
650 #0 - SUBJECT ADDED ENTRY--TOPICAL TERM
9 (RLIN) 1031
Topical term or geographic name as entry element PETRÓLEO
700 1# - ADDED ENTRY--PERSONAL NAME
9 (RLIN) 22056
Personal name Harvey, A. Herbert.
700 1# - ADDED ENTRY--PERSONAL NAME
9 (RLIN) 22057
Personal name Honarpour, Mehdi.
942 ## - ADDED ENTRY ELEMENTS (KOHA)
Source of classification or shelving scheme Dewey Decimal Classification
Item type Libro, folleto, traducción
980 ## - EQUIVALENCE OR CROSS-REFERENCE-SERIES STATEMENT--PERSONAL NAME/TITLE [LOCAL, CANADA]
Linkage 2
Personal name Virginia Figueroa
Field link and sequence number 2
Miscellaneous information Virginia Figueroa
Holdings
Withdrawn status Lost status Source of classification or shelving scheme Damaged status Not for loan Home library Current library Date acquired Source of acquisition Total Checkouts Full call number Barcode Date last seen Price effective from Koha item type
    Dewey Decimal Classification     Biblioteca Central Biblioteca Central 01/12/2025 Donación   622.3382 KOE UNAJ25120004 01/12/2025 01/12/2025 Libro, folleto, traducción

Lunes a Viernes 8:30 a 19:00 hs. Cerrado por mudanza
Av.Calchaqui 6200 Florencio Varela (CP188) 2°piso Edificio Mosconi Aula 209-210
Mail: bibliotecacentralunaj@gmail.com  
Whatsapp(54 9)1122668024    ❔Pregunte a la bibliotecaria
© Universidad Nacional Arturo Jauretche | Secretaría Académica | Biblioteca Central UNAJ